000 01412cab a2200241 4500
001 ABS68750
008 050214n2004 000 0 eng u
035 _a(Sirsi) u128783
245 _aService of notices and getting it right
260 _c2004
490 _aCommercial Leases
_v18(10) December 2004, 924-926(3)
520 _aExamines the problem of serving the right notice at the right time and in the right manner in the management of let property. Concentrates on two cases, "Bottin (International) Investments Ltd v Venson Group Plc and others" ([2004] EWCA Civ 1368, unreported) and "Lodgepower Ltd v Taylor and others" ([2004] EWCA Civ 1367, Times 3 November 2004). The first case examined the issue of whether a notice had been satisfactorily served if it was left with a receptionist or security guard of the relevant company. The second discussed whether the notice had been validly given under the Agricultural Holdings Act 1986 s93.
590 _aABS
650 _aNOTICES
650 _aBOTTIN (INTERNATIONAL) INVESTMENTS LTD V VENSON GROUP PLC AND OTHERS
650 _aLODGEPOWER LTD V TAYLOR AND OTHERS
650 _aAGRICULTURAL HOLDINGS ACT 1986
650 _aAMERADA HESS AND OTHERS V ROME AND OTHERS
650 _aAGRICULTURAL (MAINTENANCE REPAIR AND INSURANCE OF FIXED EQUIPMENT)
650 _aEGERTON V RUTTER
690 _aLANDLORD AND TENANT-LEASES-CASE LAW
942 _n0
999 _c74797
_d74797